000 nam a22 7a 4500
999 _c126497
_d126497
008 170602b xxu||||| |||| 00| 0 eng d
050 _aLB2369.M7 1996
100 _aMattei, L.
_931989
245 _aGuide to research work for humanistic studies
_c/ L. Mattei
250 _a2nd ed.
260 _aNairobi
_bConsolata Institute of Philosophy Press
_c1996
300 _a81p. ;
_c21cm.
440 _aGuide to Philosophy Series
_nn. 2
_931990
650 _aStudy
_xMetodology
_931991
942 _2lcc
_cMONOGRAPH